Utilisation of sunlight for drying of rubber (Record no. 72019)
[ view plain ]
| 000 -LEADER | |
|---|---|
| fixed length control field | 01172nam a2200169Ia 4500 |
| 100 ## - MAIN ENTRY--AUTHOR NAME | |
| Personal name | Tillekeratne L M K |
| 245 #0 - TITLE STATEMENT | |
| Title | Utilisation of sunlight for drying of rubber |
| 260 ## - PUBLICATION, DISTRIBUTION, ETC. (IMPRINT) | |
| Name of publisher | Journal of Natural Rubber Research |
| Year of publication | 1995 |
| 300 ## - PHYSICAL DESCRIPTION | |
| Number of Pages | 77-81 |
| 520 ## - SUMMARY, ETC. | |
| Summary, etc | An experiment was carried out to explore the possibility of utilising sunlight for drying raw latex grades of rubber. Results obtained indicate that sun drying of ribbed sheet rubber for three to four days for complete dryness will not adversely affect the physical or vulcanisate properties of the rubber. However, in order to eliminate mould contamination of the sheet rubber, smoking in a smoke house for one day is recommended. In the case of latex crepe rubber, all grades including unfractioned and unbleached and fractioned and bleached, sun drying for up to two complete days would not have any adverse effects on their properties. However, overdrying in the sun for longer periods without overturning the lace causes thickness. |
| 700 ## - ADDED ENTRY--PERSONAL NAME | |
| Personal name | Jayasuriya M |
| 700 ## - ADDED ENTRY--PERSONAL NAME | |
| Personal name | Nugawela A |
| 700 ## - ADDED ENTRY--PERSONAL NAME | |
| Personal name | Siriwardena T A S |
| 700 ## - ADDED ENTRY--PERSONAL NAME | |
| Personal name | Weeraman S |
| 942 ## - ADDED ENTRY ELEMENTS (KOHA) | |
| Koha item type | Journals |
| Withdrawn status | Lost status | Damaged status | Not for loan | Home library | Current library | Shelving location | Date acquired | Serial Enumeration / chronology | Koha item type |
|---|---|---|---|---|---|---|---|---|---|
| Journals | RRII Library | RRII Library | Rubber chemistry | 17/12/2021 | Volume 10, Issue 2 | Journals |